Statystyki dla Liczby w różnych językach

Kliknij tutaj aby rozwiązać quiz!

Ogólne statystyki

  • Ten quiz został rozwiązany 216 razy
  • Średni wynik to 20 z 55

Statystyki odpowiedzi

#LinguaName% Poprawnych
2Germanzwei
88%
3Germandrei
88%
1Frenchun
86%
5Germanfünf
84%
7Germansieben
84%
8Germanacht
82%
1Italian | Spanishuno
82%
3Italiantre
78%
6Germansechs
77%
4Germanvier
76%
9Germanneun
76%
1Germaneins
75%
0Germannull
73%
2Spanishdos
71%
3Latintres*tria
69%
3Spanishtres
69%
4Italianquattro
68%
10Germanzehn
68%
0Italianzero
55%
0Frenchzéro
55%
8Spanishocho
28%
2Italiandue
27%
6Italiansei
25%
9Spanishnueve
22%
7Spanishsiete
22%
5Spanishcinco
22%
5Frenchcinq
19%
4Spanishcuatro
18%
6Spanishseis
18%
10Spanishdiez
16%
2Latinduo*ae*o
15%
2Frenchdeux
14%
6Latinsex
13%
5Italiancinque
13%
6Frenchsix
13%
8Italianotto
12%
3Frenchtrois
11%
7Italiansette
11%
0Spanishcero
11%
4Frenchquatre
10%
7Frenchsept
10%
9Italiannove
8%
10Frenchdix
8%
8Frenchhuit
7%
10Italiandieci
7%
1Latinunus*a*um
6%
9Frenchneuf
6%
8Latinocto
3%
4Latinquattuor
2%
5Latinquinque
2%
7Latinseptem
2%
9Latinnovem
2%
10Latindecem
2%
0Latinnihil
1%

Rozkład punktacji

Percentyl według liczby udzielonych odpowiedzi

Procent ludzi z każdym wynikiem

Twoja historia wyników

Nie rozwiązałeś tego quizu